[Event "LTU-ch Amateurs"]
[Site "Kaunas"]
[Date "2020.08.30"]
[Round "7"]
[White "Andrijauskas, Domas"]
[Black "Straukiene, Irena"]
[Result "0-1"]
[WhiteElo "1239"]
[BlackElo "1570"]
[PlyCount "62"]
[EventDate "2020.08.27"]
[EventType "swiss"]
[EventRounds "7"]
[EventCountry "LTU"]
[SourceTitle "EXT 2022"]
[Source "ChessBase"]
[SourceDate "2021.10.06"]
[SourceVersion "1"]
[SourceVersionDate "2021.10.06"]
[SourceQuality "1"]

1. c4 c5 2. g3 e6 3. Bg2 Nf6 4. Nc3 d6 5. e3 Nbd7 6. Nge2 a6 7. 0-0 Be7 8. d4 cxd4 9. exd4 Qc7 10. b3 Rb8 11. a4 b6 12. d5 e5 13. f4 Qc5+ 14. Kh1 Ng4 15. Qe1 Ndf6 16. h3 Ne3 17. Bxe3 Qxe3 18. Qf2 exf4 19. Qxf4 Qxf4 20. Nxf4 0-0 21. g4 Nd7 22. Nd3 Bf6 23. Rac1 Nc5 24. Nxc5 bxc5 25. Ne4 Be5 26. Rb1 h6 27. Nf2 f5 28. Nd3 Bd4 29. gxf5 Bxf5 30. Rf3 a5 31. Bf1 Be4 0-1

[Event "LTU-chT (Women)"]
[Site "Vilnius"]
[Date "2019.03.31"]
[Round "2.2"]
[White "Malisauskiene, Marina"]
[Black "Straukiene, Irena"]
[Result "1-0"]
[WhiteElo "1869"]
[BlackElo "1565"]
[PlyCount "109"]
[EventDate "2019.03.30"]
[EventType "team-tourn"]
[EventRounds "3"]
[EventCountry "LTU"]
[SourceTitle "EXT 2020"]
[Source "ChessBase"]
[SourceDate "2019.10.17"]
[SourceVersion "1"]
[SourceVersionDate "2019.10.17"]
[SourceQuality "1"]

1. d4 d5 2. c4 c6 3. Nf3 Nf6 4. Nc3 Bg4 5. cxd5 Bxf3 6. gxf3 Nxd5 7. e4 Nxc3 8. bxc3 g6 9. Bc4 b5 10. Bb3 Bg7 11. h4 a5 12. a4 b4 13. Bb2 bxc3 14. Bxc3 h5 15. Qd3 0-0 16. Ke2 e6 17. Rag1 Re8 18. e5 Ra7 19. Qe4 Rd7 20. Bc4 Qc7 21. f4 Ree7 22. Rg3 Rd8 23. Rhg1 Nd7 24. Qc2 Nf8 25. Rd1 Kh7 26. Bb2 Red7 27. Rgd3 Bh6 28. Kf3 Qb7 29. Kg3 Qc7 30. Ba3 Kg7 31. Bc5 Re8 32. Rb3 Ra8 33. Rdb1 Qc8 34. Qe4 Rd8 35. Rb7 Rd7 36. R7b6 Kg8 37. Rxc6 Qd8 38. Rbb6 Rc8 39. Ra6 Rxc6 40. Rxc6 Qa8 41. f3 Qb7 42. Bb5 Rd5 43. Rd6 Qc8 44. Rc6 Qd8 45. Bc4 Rxc5 46. Rxc5 Nd7 47. Rb5 Nb6 48. Bxe6 Bxf4+ 49. Qxf4 fxe6 50. Qf6 Qxf6 51. exf6 Nxa4 52. Rxa5 Nc3 53. Kf4 Ne2+ 54. Kg5 Kf7 55. Ra7+ 1-0

[Event "LTU-chT (Women)"]
[Site "Vilnius"]
[Date "2019.03.30"]
[Round "1.3"]
[White "Perminaite, Simona"]
[Black "Straukiene, Irena"]
[Result "1/2-1/2"]
[WhiteElo "1390"]
[BlackElo "1565"]
[PlyCount "100"]
[EventDate "2019.03.30"]
[EventType "team-tourn"]
[EventRounds "3"]
[EventCountry "LTU"]
[SourceTitle "EXT 2020"]
[Source "ChessBase"]
[SourceDate "2019.10.17"]
[SourceVersion "1"]
[SourceVersionDate "2019.10.17"]
[SourceQuality "1"]

1. e4 c5 2. d3 Nc6 3. g3 e6 4. f4 d6 5. Nf3 g6 6. Bg2 Bg7 7. c3 Qb6 8. Nbd2 Na5 9. Qe2 Ne7 10. Nf1 Bd7 11. Be3 Bb5 12. Qc2 Qa6 13. d4 Rc8 14. dxc5 dxc5 15. Qf2 b6 16. N1d2 0-0 17. Bf1 Rfd8 18. a4 Bd3 19. Be2 Nec6 20. Qf1 Bxe2 21. Qxe2 Qxe2+ 22. Kxe2 Rd7 23. Rhd1 Rcd8 24. e5 Ne7 25. Ne4 Nc4 26. Rxd7 Rxd7 27. b3 Nxe3 28. Kxe3 Nc6 29. Nd6 f6 30. Nc4 h6 31. Re1 fxe5 32. fxe5 Rd5 33. Ke4 Kf7 34. Nd6+ Ke7 35. c4 Rxd6 36. exd6+ Kxd6 37. Rd1+ Ke7 38. Nh4 g5 39. Nf3 Na5 40. Rd3 Nc6 41. h4 g4 42. Nh2 h5 43. Nf1 Be5 44. Rd1 Bd6 45. Rd2 Nd4 46. Rb2 Nf5 47. Rg2 Bc7 48. Kd3 Be5 49. Ke4 Bc7 50. Kd3 Be5 1/2-1/2

[Event "Kaunas Amateur-ch"]
[Site "Kaunas"]
[Date "2018.08.18"]
[Round "2"]
[White "Straukiene, Irena"]
[Black "Eigminas, Kipras"]
[Result "0-1"]
[WhiteElo "1608"]
[BlackElo "1958"]
[PlyCount "50"]
[EventDate "2018.08.18"]
[EventType "swiss"]
[EventRounds "8"]
[EventCountry "LTU"]
[SourceTitle "CBM 186 Extra"]
[Source "ChessBase"]
[SourceDate "2018.08.24"]
[SourceVersion "1"]
[SourceVersionDate "2018.08.24"]
[SourceQuality "1"]

1. e4 d6 2. d4 Nf6 3. Nc3 Nbd7 4. Be3 e5 5. Nf3 c6 6. Bc4 b5 7. Bb3 b4 8. dxe5 dxe5 9. Ne2 Nxe4 10. Bxf7+ Kxf7 11. Nxe5+ Ke8 12. Nxc6 Qc7 13. Ned4 Ndf6 14. f3 Bd7 15. fxe4 Bxc6 16. Nxc6 Qxc6 17. e5 Qe4 18. Qf3 Qxf3 19. gxf3 Nd5 20. Bd2 Bc5 21. 0-0-0 Rd8 22. Rhf1 Ne3 23. Bxe3 Bxe3+ 24. Kb1 Rxd1+ 25. Rxd1 Ke7 0-1